NBA 2019 Playoffs Teams - Tile Select - Statistics

General Stats
  • This quiz has been taken 171 times
  • The average score is 23 of 30
Answer Stats
Question Tile Select % Correct
NBA Playoffs teams in the Eastern Conference Boston Celtics Yes
99%
NBA Playoffs teams in the Eastern Conference Milwaukee Bucks Yes
95%
NBA Playoffs teams in the Eastern Conference Toronto Raptors Yes
94%
NBA Playoffs teams in the Eastern Conference Philadelphia 76ers Yes
93%
NBA Playoffs teams in the Eastern Conference Charlotte Hornets No
92%
NBA Playoffs teams in the Western Conference Sacramento Kings No
89%
NBA Playoffs teams in the Western Conference Golden State Warriors Yes
88%
NBA Playoffs teams in the Eastern Conference New York Knicks No
88%
NBA Playoffs teams in the Eastern Conference Chicago Bulls No
83%
NBA Playoffs teams in the Western Conference Houston Rockets Yes
83%
NBA Playoffs teams in the Western Conference Portland Trail Blazers Yes
83%
NBA Playoffs teams in the Eastern Conference Washington Wizards No
80%
NBA Playoffs teams in the Western Conference Denver Nuggets Yes
78%
NBA Playoffs teams in the Western Conference Memphis Grizzlies No
78%
NBA Playoffs teams in the Western Conference Minnesota Timberwolves No
76%
NBA Playoffs teams in the Western Conference Phoenix Suns No
76%
NBA Playoffs teams in the Western Conference Oklahoma City Thunder Yes
75%
NBA Playoffs teams in the Western Conference Utah Jazz Yes
75%
NBA Playoffs teams in the Eastern Conference Cleveland Cavaliers No
74%
NBA Playoffs teams in the Western Conference New Orleans Pelicans No
74%
NBA Playoffs teams in the Eastern Conference Indiana Pacers Yes
73%
NBA Playoffs teams in the Western Conference Los Angeles Clippers Yes
73%
NBA Playoffs teams in the Eastern Conference Atlanta Hawks No
68%
NBA Playoffs teams in the Western Conference Dallas Mavericks No
68%
NBA Playoffs teams in the Western Conference Los Angeles Lakers No
66%
NBA Playoffs teams in the Eastern Conference Brooklyn Nets Yes
60%
NBA Playoffs teams in the Western Conference San Antonio Spurs Yes
60%
NBA Playoffs teams in the Eastern Conference Orlando Magic Yes
55%
NBA Playoffs teams in the Eastern Conference Detroit Pistons Yes
51%
NBA Playoffs teams in the Eastern Conference Miami Heat No
41%
No matching quizzes found
Score Distribution
Percent of People with Each Score
Percentile by Number Answered
Your Score History
You have not taken this quiz